| 000 | 00930nas a2200253Ia 4500 | ||
|---|---|---|---|
| 001 | R142/77678 | ||
| 003 | IT-RoPAU | ||
| 008 | 151124c99999999xx |||||||||||| ||und|| | ||
| 040 | _aIT-RoPAU | ||
| 040 | _cIT-RoPAU | ||
| 041 | _aFRANCESE | ||
| 100 |
_aSplichal Slavko _gCodice Aut. SPICS: 36085 |
||
| 210 | _aRESEAUX | ||
| 222 | _aReseaux | ||
| 245 |
_aRESEAUX, N.053 (MAGGIO/GIUGNO 1992) _bTransfert De L'Economie De L'Information Vers L'Europe De L'Est (Le): Reve Ou Cauchemar? |
||
| 250 | _a1a ed. | ||
| 260 |
_aPARIS _bCNET _c1992 |
||
| 501 |
_bPaulus - SPICS - Società San Paolo EM (non-commercial uses only) _cCopyright2015 |
||
| 300 | _a14 p. [75-88] | ||
| 362 | _aN.053 (MAGGIO/GIUGNO 1992) | ||
| 500 | _aTransfert dell'Economia dell'Informazione Verso L'Europa dell'Est: Sogno Oincubo? Informazione e Ideologia. Economia dei Nazionalismi. | ||
| 650 |
_aCOMUNICAZIONE _vPUBBLICAZIONE PERIODICA |
||
| 942 | _cCR | ||
| 999 |
_c192004 _d192004 |
||